La doble escala salarial en la jurisprudencia del Tribunal Constitucional (Registro nro. 37628)
[ vista simple ]
| 000 -CABECERA | |
|---|---|
| Longitud fija campo de control | 01101naa a2200289 c 4500 |
| 001 - NÚMERO DE CONTROL | |
| Número de control | 37628 |
| 003 - IDENTIFICADOR DE NÚMERO DE CONTROL | |
| Identificador del número de control | ES-MaCES |
| 005 - FECHA Y HORA DE LA ÚLTIMA TRANSACCIÓN | |
| Fecha y hora de la última transacción | 20070316134600.0 |
| 008 - CAMPO FIJO DE DESCRIPCIÓN FIJA--INFORMACIÓN GENERAL | |
| Códigos de información de longitud fija | 070316n2006 sp t ||0 | spa d |
| 035 ## - NÚMERO DE CONTROL DEL SISTEMA | |
| Número de control del sistema | CES20070001461v |
| 040 ## - FUENTE DE CATALOGACIÓN | |
| Centro catalogador de origen | ES-MaCES |
| Lengua de catalogación | spa |
| Centro transcriptor | ES-MaCES |
| 100 1# - ENCABEZAMIENTO PRINCIPAL--NOMBRE PERSONAL | |
| Nombre de persona | Martínez Gayoso, María Nieves |
| 9 (RLIN) | 17836 |
| 245 13 - MENCIÓN DE TÍTULO | |
| Título | La doble escala salarial en la jurisprudencia del Tribunal Constitucional |
| Resto del título | : estado de la cuestión |
| Mención de responsabilidad, etc. | María Nieves Martínez Gayoso, Olga Fotinopoulou Basurko |
| 650 #4 - ASIENTO SECUNDARIO DE MATERIA--TÉRMINO DE MATERIA | |
| Término de materia o nombre geográfico como elemento inicial | jurisprudencia |
| 9 (RLIN) | 28624 |
| 650 #4 - ASIENTO SECUNDARIO DE MATERIA--TÉRMINO DE MATERIA | |
| Término de materia o nombre geográfico como elemento inicial | tributación |
| 9 (RLIN) | 28093 |
| 650 #4 - ASIENTO SECUNDARIO DE MATERIA--TÉRMINO DE MATERIA | |
| Término de materia o nombre geográfico como elemento inicial | derecho constitucional |
| 9 (RLIN) | 27158 |
| 650 #4 - ASIENTO SECUNDARIO DE MATERIA--TÉRMINO DE MATERIA | |
| Término de materia o nombre geográfico como elemento inicial | igualdad de remuneración |
| 9 (RLIN) | 27184 |
| 650 #4 - ASIENTO SECUNDARIO DE MATERIA--TÉRMINO DE MATERIA | |
| Término de materia o nombre geográfico como elemento inicial | política salarial |
| 9 (RLIN) | 28391 |
| 650 #4 - ASIENTO SECUNDARIO DE MATERIA--TÉRMINO DE MATERIA | |
| Término de materia o nombre geográfico como elemento inicial | salario |
| 9 (RLIN) | 28387 |
| 653 10 - TÉRMINO DE INDEXACIÓN--NO CONTROLADO | |
| Término no controlado | Fiscalidad |
| 700 1# - ENCABEZAMIENTO SECUNDARIO--NOMBRE PERSONAL | |
| Nombre de persona | Fotinopoulou Basurko, Olga |
| 9 (RLIN) | 12304 |
| 710 1# - ENCABEZAMIENTO SECUNDARIO--NOMBRE CORPORATIVO | |
| Nombre de entidad o nombre de jurisdicción como elemento inicial | España |
| Unidad subordinada | Tribunal Constitucional |
| 9 (RLIN) | 3446 |
| 773 0# - ENTRADA DE DOCUMENTO FUENTE | |
| Título | Revista de derecho social |
| Parte(s) relacionada(s) | n. 35 (jul. - sept. 2006){10693 R. 066770}; p. 139-172 |
| Número de control del registro relacionado | (ES-MaCES)25695 |
| Itemnumber del ítem fuente | 68724 |
| 902 ## - CES. TIPO DE DOCUMENTO | |
| Tipodoc (006$c Sirtex) | ART Artículo de revista |
| 942 ## - ELEMENTOS KOHA | |
| Fuente de clasificaión o esquema | Clasificación propia del CES |
| Koha [por defecto] tipo de item | Artículos (1982-2017) |
| Parte de clasificación | 0.1. |
No hay ítems disponibles.
